1707 1954 1208 1020 1252 1689 1822 1917 1013 1646 1678 1289 1956 1339 1649 1553 1826 1512 1441 1054 1714 1506 1517 1269 1209 1518 1975 1778 1190 1096 1493 1194 1156 1354 1238 1291 1151 1487 1220 1197 1673 1316 1524 1578 1210 1553 1324 1022 1453 1077 1785 1644 1166 1604 1888 1817 1518 1207 1226 1756 1460 1140 1055 1263 1539 1200 1711 1259 1975 1264 1666 1423 1213 1225 1416 1878 1289 1659 1179 1853 1264 1041 1897 1852 1165 1733 1197 1013 1787 1851 1220 1077 1745 1854 1659 1643 1759 1898 1986 BCNSPRNW ULIB Ver.6.0+V

เปลี่ยนเป็นภาษาไทย

Change to English
 แสดงรายละเอียดบรรณานุกรม
  กลับหน้าหลัก

Brief Record : Get Marc (ISO 2709) : E-mail record : QR code < ปิดหน้าต่าง
LEADER : 00000nam 2200000uu 4500
001    13399126793
003     ULIB
008    190306s2016||||th 000 0 tha d
020 ^  ^a9786167982137
050 ^  ^aBF636^bภ62
100 0^ aภิญโญ ไตรสุริยธรรมา
245 00 ^aFuture ปัญญาอนาคต /^bภิญโญ ไตรสุริยธรรมา
250 ^  ^aพิมพ์ครั้งที่ 2.
260 ^  ^aกรุงเทพฯ :^bOpenbooks,^c2559 [2016]
300 ^  ^a269 หน้า :^bภาพประกอบ (ภาพสีบางภาพ)
500 ^  ^aพิมพ์ซ้ำกับฉบับพิมพ์ครั้งที่ 1 2559.
505 0^ aอดีตศึกษาเรื่องอนาคต -- รู้จักตัว -- จัดการตน -- ยืนบนจุดแข็ง -- แสวงหาจิตวิญญาณ -- ประสานสร้างตนใหม่ -- มั่นในทิศทาง -- สร้างสรรค์อัตลักษณ์ -- นักออกแบบอนาคต -- เล็กและงดงาม -- นิยามอดีต.
650 ^4 ^aจิตวิทยาประยุกต์.
945    ^p395^l0^i27288
999    ^aกัณชพร จุลอักษร
รายการนี้ยังไม่มีแท็ก
คุณยังไม่ได้ล็อกอิน คุณสามารถมีกิจกรรมร่วมกับเว็บไซต์ได้ แต่ต้องล็อกอินก่อน ::
  ล็อกอิน

รายการสื่อสารสนเทศ

ลำดับที่ ประเภท เลขเรียก/บาร์โค้ด สถานที่ สถานะ
1. วิทยาศาสตร์การแพทย์ และสุขภาพ
วิทยาศาสตร์การแพทย์ และสุขภาพ
BF636 ภ62 ฉ.1 
  Barcode: 27288
ห้องสมุดวิทยาเขตสวรรค์ประชารักษ์
►นวนิยาย
บนชั้น
  ขอยืม

รายการใกล้เคียง
    ชื่อเรื่อง [Future ปัญญาอนาคต / ภิญโญ ไตรสุริยธรรมา]

    หัวเรื่อง [จิตวิทยาประยุกต์.]

BibComment


ยังไม่เคยถูกคอมเมนท์

คอมเมนท์ทรัพยากรรายการนี้
  คอมเมนท์: Future ปัญญาอนาค..


 Copyright 2026. Bcnsprnw @Library